| 000 | 00900cam a2200181 4500 | ||
|---|---|---|---|
| 001 | ##WS134868 | ||
| 008 | 060907n 000 0 eng u | ||
| 035 | _a(Sirsi) u134868 | ||
| 041 | 0 | _aeng | |
| 110 | 1 |
_aUnited Kingdom _bDepartment for Environment, Food and Rural Affairs |
|
| 245 | 0 | 4 | _aThe Marine Bill |
| 520 | _aDEFRA web pages concerning the preparation of a Marine Bill. Its aim is to put in place a better system for delivering sustainable development of the marine and coastal environment. Provides a link to the March 2006 consultation document on a Marine Bill. | ||
| 650 | 2 | 4 | _aMARINE BILL 2006 |
| 651 | 4 |
_aUnited Kingdom _y |
|
| 690 | _aPROPERTY-RURAL AND NATURAL ASSETS-MARINE RESOURCES-MARINE RESOURCE MANAGEMENT | ||
| 856 | 4 | 0 |
_uhttps://www.defra.gov.uk/ENVIRONMENT/water/marine/uk/policy/marine-bill/index.htm _zView the website free of charge at www.defra.gov.uk... |
| 942 | _n0 | ||
| 999 |
_c120512 _d120512 |
||